000 00705nam a22002417a 4500
003 CHAP
005 20220329135041.0
008 971013s1975 r 00010 d
010 _a30153
011 _a31125
035 _a35237
040 _cCHAP
082 _a632.95
_bN3
245 _aNanogen index ; a dictionary of pesticides and chemical pollutants
260 _aFreedom, Calif. :
_bNanogens International,
_c1975
300 _a256 p.
590 _aBATCH-UPD
_b10
_c20130110
_lUCH01
_h2132
590 _aCONVERSION
_b10
_c20130109
_lUCH01
_h1317
650 1 4 _aPesticidas
_xDiccionarios.
_987543
901 _aBK
942 _cLIBRO
949 _a632.95 N3
_bBC
_cC
_d33724000569299
_eC
_h34439
_i35237
_si
999 _c30153
_d30153